[Event "ESP-ch 83rd"]
[Site "Linares"]
[Date "2018.08.21"]
[Round "2"]
[White "Fernandez Montero, Francisco Manuel"]
[Black "Cesar Maestre, Bernardo"]
[Result "1-0"]
[WhiteElo "2046"]
[BlackElo "1861"]
[PlyCount "51"]
[EventDate "2018.08.20"]
[EventType "swiss"]
[EventRounds "9"]
[EventCountry "ESP"]
[SourceTitle "CBM 186 Extra"]
[Source "ChessBase"]
[SourceDate "2018.08.24"]
[SourceVersion "1"]
[SourceVersionDate "2018.08.24"]
[SourceQuality "1"]

1. e4 c5 2. Nf3 d6 3. d4 cxd4 4. Qxd4 a6 5. Bg5 Nc6 6. Qe3 g6 7. Nc3 Bg7 8. Bc4 Nf6 9. h3 h6 10. Bh4 b5 11. Bb3 Na5 12. e5 dxe5 13. Bxf7+ Kxf7 14. Nxe5+ Ke8 15. Nxg6 Rg8 16. Rd1 Bd7 17. 0-0 Nc4 18. Qf3 Kf7 19. Nf4 e6 20. Rfe1 Re8 21. Nh5 Bh8 22. Ne4 Ra7 23. Nexf6 Bxf6 24. Nxf6 Kg6 25. Qe4+ Kf7 26. Qh7+ 1-0

[Event "Barcelona Sants op-A18th"]
[Site "Barcelona"]
[Date "2016.08.21"]
[Round "3"]
[White "Fernandez Montero, Francisco Manuel"]
[Black "Ventura Bolet, Maxim"]
[Result "0-1"]
[WhiteElo "2083"]
[BlackElo "2250"]
[PlyCount "58"]
[EventDate "2016.08.19"]
[EventType "swiss"]
[EventRounds "10"]
[EventCountry "ESP"]
[SourceTitle "CBM 174 Extra"]
[Source "ChessBase"]
[SourceDate "2016.10.10"]
[SourceVersion "1"]
[SourceVersionDate "2016.10.10"]
[SourceQuality "1"]

1. e4 c5 2. Nc3 e6 3. f4 a6 4. a4 Nc6 5. Be2 g6 6. Nf3 Bg7 7. 0-0 Nge7 8. d3 0-0 9. Qe1 Nd4 10. Bd1 Rb8 11. f5 exf5 12. Qg3 d6 13. Bf4 fxe4 14. dxe4 Qb6 15. Bxd6 Nef5 16. exf5 Nxf5 17. Nd5 Qxd6 18. Ne7+ Qxe7 19. Qxb8 Be6 20. Qa7 Qc7 21. c3 Nd6 22. a5 Nc8 23. Qa8 Bd5 24. Nd2 Nd6 25. Qa7 Nc8 26. Qa8 c4 27. b4 Bxc3 28. Bf3 Bd4+ 29. Kh1 Nd6 0-1

[Event "Cadiz Region-ch Youth+Experts"]
[Site "Chipiona"]
[Date "2016.02.20"]
[Round "4.3"]
[White "Fernandez Montero, Francisco Manuel"]
[Black "Pavon Cardenas, Jesus Miguel"]
[Result "1-0"]
[WhiteElo "2101"]
[BlackElo "2321"]
[PlyCount "85"]
[EventDate "2016.02.06"]
[EventType "swiss"]
[EventRounds "6"]
[EventCountry "ESP"]
[SourceTitle "EXT 2024"]
[Source "ChessBase"]
[SourceDate "2023.10.10"]
[SourceVersion "1"]
[SourceVersionDate "2023.10.10"]
[SourceQuality "1"]

1. e4 e5 2. Bc4 Bc5 3. Nc3 Nc6 4. d3 d6 5. Na4 Bb6 6. Nxb6 axb6 7. f4 exf4 8. Bxf4 Be6 9. Bxe6 fxe6 10. Qh5+ g6 11. Qd1 e5 12. Be3 Nf6 13. Nf3 d5 14. exd5 Nxd5 15. Bh6 Qd6 16. 0-0 0-0-0 17. Kh1 g5 18. Bxg5 Rdg8 19. Qe2 Rg7 20. c4 Nf4 21. Bxf4 exf4 22. Rae1 Kb8 23. Ne5 Nd4 24. Qe4 Re7 25. Qd5 Qxd5 26. cxd5 Rhe8 27. Nd7+ Kc8 28. Rxe7 Rxe7 29. Nf6 Re2 30. h4 h6 31. Rxf4 Nc2 32. Re4 Rxe4 33. dxe4 Kd8 34. Ng4 h5 35. Nf6 Nb4 36. Nxh5 Nxa2 37. g4 Nc1 38. Nf4 Ke7 39. e5 c5 40. Kg2 Nb3 41. h5 Nd4 42. h6 Kf7 43. e6+ 1-0

[Event "Andalucia-ch 0708"]
[Site "Motril"]
[Date "2008.05.17"]
[Round "4"]
[White "Fernandez Montero, Francisco Manuel"]
[Black "Weber, Francois1111"]
[Result "0-1"]
[WhiteElo "2191"]
[BlackElo "2185"]
[PlyCount "86"]
[EventDate "2008.05.10"]
[EventType "swiss"]
[EventRounds "8"]
[EventCountry "ESP"]
[SourceTitle "EXT 2009"]
[Source "ChessBase"]
[SourceDate "2008.11.26"]
[SourceVersion "1"]
[SourceVersionDate "2008.11.26"]
[SourceQuality "1"]

1. e4 e5 2. Bc4 Nf6 3. d3 Nc6 4. Nf3 Be7 5. c3 0-0 6. 0-0 d5 7. exd5 Nxd5 8. Re1 Bg4 9. Nbd2 Bg5 10. h3 Bh5 11. Ne4 Bxc1 12. Rxc1 Nf4 13. Ng3 Bg6 14. Ne4 Kh8 15. Rc2 h6 16. Rd2 Re8 17. Ng3 a6 18. Ne2 Qf6 19. Nxf4 Qxf4 20. d4 e4 21. Nh2 f5 22. Nf1 Qg5 23. Kh1 Rad8 24. b4 b5 25. Be2 Bf7 26. a4 Rb8 27. axb5 axb5 28. Ne3 f4 29. Ng4 h5 30. Nh2 Bd5 31. Bf1 Re6 32. f3 e3 33. Rb2 Ne7 34. Bd3 Nf5 35. Nf1 c6 36. Qc2 Nd6 37. Rbb1 Rc8 38. Ra1 Ree8 39. Nh2 Bf7 40. Kg1 Be6 41. Kh1 Bf5 42. Bxf5 Nxf5 43. Nf1 Ra8 0-1

[Event "Cadiz op 17th"]
[Site "San Fernando"]
[Date "2003.07.23"]
[Round "8.6"]
[White "Fernandez Montero, Francisco Manuel"]
[Black "Cruz Ravina, Francisco Javier"]
[Result "1/2-1/2"]
[WhiteElo "2167"]
[BlackElo "2273"]
[PlyCount "96"]
[EventDate "2003.07.18"]
[EventType "swiss"]
[EventRounds "8"]
[EventCountry "ESP"]
[SourceTitle "CBM 095 Extra"]
[Source "ChessBase"]
[SourceDate "2003.09.04"]
[SourceVersion "1"]
[SourceVersionDate "2003.09.04"]
[SourceQuality "1"]

1. d4 Nf6 2. Nf3 d6 3. e3 g6 4. Bd3 Nbd7 5. c3 Bg7 6. Nbd2 e5 7. 0-0 0-0 8. Re1 Re8 9. e4 c6 10. Nf1 Qc7 11. Ng3 Nf8 12. h3 Ne6 13. Be3 Nf4 14. Bxf4 exf4 15. Nf1 Nh5 16. N1h2 h6 17. Ng4 Be6 18. Qc2 Qd7 19. Ngh2 Rac8 20. a3 Qc7 21. e5 c5 22. exd6 Qxd6 23. dxc5 Qxc5 24. Nf1 Qb6 25. N1d2 Ng3 26. Qa4 Nh5 27. Qc2 Red8 28. Qb1 Rc7 29. Bc2 a6 30. a4 a5 31. Qc1 Ng3 32. Ne4 Nxe4 33. Bxe4 g5 34. Qc2 Qb3 35. Rad1 Rcd7 36. Rxd7 Rxd7 37. Bd3 Qxc2 38. Bxc2 b6 39. Rd1 Rxd1+ 40. Bxd1 Kf8 41. Kf1 Ke7 42. Be2 Kd6 43. Bd3 Kc5 44. Nd2 Bf8 45. Ke2 Be7 46. Ne4+ Kd5 47. Nd2 Kc5 48. Ne4+ Kd5 1/2-1/2